Tennis - Alcaraz - Statistiques

Statistiques générales
  • Ce quiz a été pris 220 fois
  • Le résultat moyen est 13 sur 18
Statistiques - réponses
Question réponse % Correct
Pays Espagne
99%
Meilleur Classement 1
95%
Nombre de titres du Grand Chelem 4
93%
Nombre de Master 1000 5
92%
Année 2022
84%
Année 2021
82%
Naissance 2003
80%
Son premier Us Open
80%
Sponsor Nike
79%
Passage professionel 2018
77%
Nombre de titres ATP 17
74%
Surnom Carlitos
70%
Revers Deux mains
65%
Entraîneur Juan Carlos Ferrero
65%
Que représente son tatouage après sa victoire à Roland Garro Tour Eiffel
49%
Prise raquette Droitier
34%
Premier titre ATP Umag
31%
Ville El Palmar
24%
Aucun quiz correspondant
Distribution des résultats
% des personnes avec chaque résultat
Percentile par nombre de réponses
Votre historique - résultats
Vous n’avez pas pris ce quiz